1603 1620 1993 1920 1477 1736 1866 1933 1295 1592 1799 1409 1737 1249 1610 1326 1859 1844 1285 1720 1712 1126 1029 1024 1228 1113 1357 1387 1953 1751 1297 1776 1023 1006 1382 1070 1182 1672 1256 1537 1313 1512 1173 1764 1536 1689 1591 1989 1084 1923 1722 1561 1190 1116 1929 1932 1304 1912 1343 1603 1189 1713 1757 1394 1697 1307 1310 1323 1100 1948 1092 1270 1323 1874 1857 1546 1768 1827 1960 1364 1537 1075 1539 1348 1838 1668 1175 1327 1120 1165 1677 1024 1969 1968 1070 1584 1003 1455 1057 BCNSPRNW ULIB Ver.6.0+V

เปลี่ยนเป็นภาษาไทย

Change to English
 แสดงรายละเอียดบรรณานุกรม
  กลับหน้าหลัก

Brief Record : Get Marc (ISO 2709) : E-mail record : QR code < ปิดหน้าต่าง
LEADER : 00000nam 2200000uu 4500
001    13399128839
003     ULIB
008    241009s||||||||th 000 0 tha d
020    ^a9786160845743
050  0 ^aBF128^bต777จ
100 N  ^aเติมศักดิ์ คทวณิช
245 N  ^aจิตวิทยาทั่วไป/^cเติมศักดิ์ คทวณิช
246 N  ^aGeneral psychology
260 N  ^aกรุงเทพฯ:^bซีเอ็ดยูเคชั่น,^c2546
300 N  ^a331 หน้า : ^bภาพประกอบ;^c26ซม.
520 N  ^aสาระสังเขป หนังสือเล่มนี้ ผู้เขียนมีความตั้งใจที่จะเรียบเรียงให้มีเนื้อหาทางจิตวิทยาที่ละเอียดครบถ้วน และสามารถอ่านเข้าใจได้ง่าย มีตัวอย่างและภาพประกอบที่ชัดเจนสวยงาม เพื่อให้ผู้ศึกษาได้เกิดความรู้และความเข้าใจอย่างแท้จริง โดยรวบรวมข้อมูลจากเอกสารและตำราทางจิตวิทยาทั้งของไทยและของต่างประเทศ รวมทั้งประสบการณ์ในการสอนของผู้เขียนเองด้วย เนื้อหาภายในเล่มประกอบด้วยสาระสำคัญ ได้แก่ ความรู้เบื้องต้นเกี่ยวกับจิตวิทยา อิทธิพลของพันธุกรรมและสิ่งแวดล้อม พัฒนาการของมนุษย์ พื้นฐานทางสรีรวิทยาที่เกี่ยวข้องกับพฤติกรรม การรับสัมผัสและการรับรู้ การจูงใจ การเรียนรู้ เชาวน์ปัญญา บุคลิกภาพ สุขภาพจิตและการปรับตัว และพฤติกรรมทางสังคม
650 N  ^aจิตวิทยา
945    ^p250^l0^i011061
945    ^p250^l0^i011062
945    ^p250^l0^i011063
945    ^p250^l0^i011064
945    ^p250^l0^i011065
945    ^p250^l0^i011066
945    ^p250^l0^i011067
999    ^aประนอม เกษจรัล
รายการนี้ยังไม่มีแท็ก
คุณยังไม่ได้ล็อกอิน คุณสามารถมีกิจกรรมร่วมกับเว็บไซต์ได้ แต่ต้องล็อกอินก่อน ::
  ล็อกอิน

รายการสื่อสารสนเทศ

ลำดับที่ ประเภท เลขเรียก/บาร์โค้ด สถานที่ สถานะ
1. การศึกษาทั่วไป
หนังสือสำรอง
สถานะ=หนังสือสำรอง
BF128 ต777จ ฉ.1 
  Barcode: 011061
ห้องสมุดวิทยาเขตสวรรค์ประชารักษ์
►หนังสือทั่วไป
บนชั้น
2. การศึกษาทั่วไป
การศึกษาทั่วไป
BF128 ต777จ ฉ.2 
  Barcode: 011062
ห้องสมุดวิทยาเขตสวรรค์ประชารักษ์
►หนังสือทั่วไป
บนชั้น
3. การศึกษาทั่วไป
การศึกษาทั่วไป
BF128 ต777จ ฉ.3 
  Barcode: 011063
ห้องสมุดวิทยาเขตสวรรค์ประชารักษ์
►หนังสือทั่วไป
บนชั้น
4. การศึกษาทั่วไป
การศึกษาทั่วไป
BF128 ต777จ ฉ.4 
  Barcode: 011064
ห้องสมุดวิทยาเขตสวรรค์ประชารักษ์
►หนังสือทั่วไป
บนชั้น
5. การศึกษาทั่วไป
การศึกษาทั่วไป
BF128 ต777จ ฉ.5 
  Barcode: 011065
ห้องสมุดวิทยาเขตสวรรค์ประชารักษ์
►หนังสือทั่วไป
บนชั้น
6. การศึกษาทั่วไป
การศึกษาทั่วไป
BF128 ต777จ ฉ.6 
  Barcode: 011066
ห้องสมุดวิทยาเขตสวรรค์ประชารักษ์
►หนังสือทั่วไป
บนชั้น
7. การศึกษาทั่วไป
การศึกษาทั่วไป
BF128 ต777จ ฉ.7 
  Barcode: 011067
ห้องสมุดวิทยาเขตสวรรค์ประชารักษ์
►หนังสือทั่วไป
บนชั้น

รายการใกล้เคียง
    ผู้แต่ง [เติมศักดิ์ คทวณิช]

    หัวเรื่อง [จิตวิทยา]

BibComment


ยังไม่เคยถูกคอมเมนท์

คอมเมนท์ทรัพยากรรายการนี้
  คอมเมนท์: จิตวิทยาทั่วไป เ..


 Copyright 2026. Bcnsprnw @Library